Mistrzostwa Świata w Koszykówce Mężczyzn - Statystyki

Ogólne statystyki
  • Ten quiz został rozwiązany 86 razy
  • Średni wynik to 16 z 19
Statystyki odpowiedzi
Rok Mistrz % Poprawnych
1954 USA
100%
1986 USA
100%
1994 USA
100%
2010 USA
100%
2014 USA
100%
2006 Hiszpania
97%
2019 Hiszpania
97%
2023 Niemcy
92%
1967 ZSRR
79%
1974 ZSRR
79%
1982 ZSRR
79%
1950 Argentyna
76%
1970 Jugosławia
76%
1978 Jugosławia
76%
1990 Jugosławia
76%
1998 Jugosławia
76%
2002 Jugosławia
76%
1959 Brazylia
70%
1963 Brazylia
70%
Nie znaleziono quizów pasujących do podanych kryteriów
Rozkład punktacji
Procent ludzi z każdym wynikiem
Percentyl według liczby udzielonych odpowiedzi
Twoja historia wyników
Nie rozwiązałeś tego quizu